Unrecognised International States - Statistics

General Stats
  • This quiz has been taken 151 times
    146 since last reset
  • The average score is 14 of 20
Answer Stats
Proclaimed by.... Answer % Correct
Israel Palestinian Authority
92%
Morocco Sahrawi Arab Democratic Republic
86%
China / UK Hong Kong
85%
Cyprus & Turkey Turkish Republic of Northern Cyprus
84%
Serbia Kosovo
81%
Somalia Somaliland
81%
Georgia South Ossetia
81%
Ukraine / Russia Crimea
76%
Spain / UK Gibraltar
75%
Georgia Abkhazia
74%
China Taiwan
73%
Denmark Greenland
71%
China Tibet
70%
Moldova Transnistria
69%
Denmark Faroe Islands
60%
Armenia / Azerbaijan Nagorno-Karabakh
59%
Sweden / Finland Åland Islands
57%
New Zealand Cook Islands
47%
New Zealand Niue
36%
Mali Azawad
26%
No matching quizzes found
Score Distribution
Percent of People with Each Score
Percentile by Number Answered
Your Score History
You have not taken this quiz since the last reset